000 00683nam a2200229Ia 4500
003 OSt
005 20220928130428.0
006 a|||||r|||| 00| 0
007 ta
008 220927b |||||||| |||| 00| 0 eng d
024 _a42084
037 _cTextual
040 _aSDCL
_cSDCL
_beng
041 _2eng
_aeng
082 _aXM8:327.73'N9, N8
100 _aMeyer Christopher
_9473945
245 0 _aRelentless growth
_b How silicon valley innovation strategies can work in your business
260 _aNew York
_b Free Press
_c1998
300 _axxi,201p
_ccm.
942 _hXM8:327.73'N9, N8
_cTEXL
_2CC
999 _c786555
_d786555